Primitive physic: or An easy and natural method of curing most diseases /

Bibliographic Details
Main Author: Wesley, John, 1703-1791
Corporate Author: Methodist Episcopal Church
Format: eBook
Language:English
Edition:The twenty-second edition.
Series:Early American imprints. Evans (1639-1800) ; no. 23977.
Subjects:
Online Access:Evans Digital Edition

MARC

Tag First Indicator Second Indicator Subfields
LEADER 00000cam a2200000 a 4500
001 in00002182829
006 m e d #
007 cr mn mmmmabba
008 840103s1791 pau s 000 0 eng d
005 20260330192611.5
035 |z w027852 
035 |a MAAR8401032613B 
035 |9 mwa91-47847 
035 |a 349054 
035 |a aas03027852 
040 |a MWA  |c MWA  |e bdrb  |d UtOrBLW 
100 1 |a Wesley, John,  |d 1703-1791. 
240 1 0 |a Primitive physick 
245 1 0 |a Primitive physic: or An easy and natural method of curing most diseases /  |c By John Wesley, M.A. ; [One line of Latin text]. 
250 |a The twenty-second edition. 
264 3 |a Philadelphia :  |b Printed by Parry Hall, no 149. Chesnut Street, and sold by John Dickins, in Fourth Street, no 43. Near Race Street,  |c M.DCC.XCI. [1791] 
300 |a xx, 21-191 pages, 1 unnumbered page ;  |c 17 cm. (duodecimo) 
336 |a text  |b txt  |2 rdacontent 
337 |a computer  |b c  |2 rdamedia 
338 |a online resource  |b cr  |2 rdacarrier 
500 |a Edited for an American audience and published by the Methodist Episcopal Church. Cf. p. xix-xx. 
510 4 |a Evans  |c 23977 
510 4 |a Austin, R.B. Early Amer. medical imprints,  |c 2031 
530 |a Microform version available in the Readex Early American Imprints series. 
533 |a Electronic text and image data.  |b [Chester, Vt. :  |c Readex, a division of Newsbank, Inc.,  |d 2002-2004.  |e Includes files in TIFF, GIF and PDF formats with inclusion of keyword searchable text.  |f (Early American imprints. First series ; no. 23977). 
500 |a Electronic resource. 
650 0 |a Medicine, Popular. 
710 2 |a Methodist Episcopal Church. 
752 |a United States  |b Pennsylvania  |d Philadelphia. 
830 0 |a Early American imprints.  |n Series I,  |p Evans (1639-1800) ;  |v no. 23977. 
856 4 1 |u http://proxy.library.tamu.edu/login?url=https://opac.newsbank.com/select/evans/23977  |y Evans Digital Edition  |t 0 
999 |a MARS 
999 f f |s 95aad9ca-b861-3cb0-bd23-0b560c0fb10e  |i 1ae9aa61-496f-32bc-90e8-ee8ed7b2d90c  |t 0 
952 f f |a Texas A&M University  |b College Station  |c Electronic Resources  |s www_evans  |d Available Online  |t 0  |h No information provided 
998 f f |t 0  |l Available Online